| Tag |
First Indicator |
Second Indicator |
Subfields |
| LEADER |
00000cam a2200000 4500 |
| 001 |
in00000665405 |
| 005 |
20151015083024.0 |
| 008 |
800924r1765 miu a 00010 eng d |
| 035 |
|
|
|a (OCoLC)06746117
|
| 035 |
|
|
|9 ACX9929AM
|
| 040 |
|
|
|a EEU
|c TXA
|d UtOrBLW
|
| 049 |
|
|
|a TXAI
|
| 090 |
|
|
|a F137
|b .S65
|
| 099 |
|
|
|a film
|a B
|a 1512
|a reel
|a 14.157
|
| 100 |
1 |
|
|a Smith, Samuel,
|d 1720-1776.
|
| 245 |
1 |
4 |
|a The history of the colony of Nova-Caesaria, or New Jersey :
|b containing an account of its first settlement, progressive improvements, the original and present constitution, and other events, to the year 1721. With some particulars since; and a short view of its present state /
|c By Samuel Smith.
|
| 264 |
|
1 |
|a Burlington, N.J. :
|b James Parker;
|a Philadelphia :
|b David Hall,
|c 1765.
|
| 300 |
|
|
|a x, 573 pages, 1 unnumbered page ;
|c 22 cm.
|
| 336 |
|
|
|a text
|b txt
|2 rdacontent
|
| 337 |
|
|
|a microform
|b h
|2 rdamedia
|
| 338 |
|
|
|a microfilm reel
|b hd
|2 rdacarrier
|
| 500 |
|
|
|a Microfilm. Ann Arbor, Mich., University Microfilms (n.d.) (American Culture Series, Reel 14.157)
|
| 500 |
|
|
|a Microform.
|
| 651 |
|
0 |
|a New Jersey
|x History
|y Colonial period, ca. 1600-1775.
|
| 740 |
0 |
|
|a Nova-Caesaria.
|
| 999 |
|
|
|a MARS
|
| 999 |
f |
f |
|s be298764-c9ce-32de-b04e-9e388b3e1d9a
|i ea2d18da-f007-39a5-b7de-b07c7bf89161
|t 0
|
| 952 |
f |
f |
|p default
|a Texas A&M University
|b College Station
|c Sterling C. Evans Library
|d Evans: Microforms (3rd floor)
|t 0
|e film B 1512 reel 14.157
|h Other scheme
|i microform -- microfilm reel
|
| 998 |
f |
f |
|a film B 1512 reel 14.157
|t 0
|l Evans: Microforms (3rd floor)
|